Red Dead Redemption: Antagonists - Statistics

General Stats
  • This quiz has been taken 144 times
  • The average score is 13 of 25
Answer Stats
Occupation Affiliation Rank Nationality Death
date
Place of
death
Fate Answer % Correct
Detective Pinkerton National Detective Agency High-ranked American 1899 Van Horn Shot & killed Andrew Milton
92%
Outlaw O'Driscoll Boys Gang leader Irish-American 1899 St. Denis Hanged Colm O'Driscoll
88%
Outlaw Dutch's gang Gang leader American 1911 West Elizabeth Suicide Dutch van der Linde
88%
Businessman Saint Denis Mob Mob leader Italian 1899 Bayou Drowning Angelo Bronte
84%
Detective Pinkerton National Detective Agency Senior agent American 1914 New Austin Shot & killed Edgar Ross
84%
Officer Gray family Sheriff American 1899 Rhodes Shot & killed Leigh Gray
81%
Outlaw Williamson gang Gang leader American 1911 Nuevo Paraíso Shot & killed Marion ''Bill'' Williamson
80%
Businesswoman Braithwaite Manor Matriarch American 1899 Lemoyne Immolation Catherine Braithwaite
79%
Outlaw Mexican Army - Mexican 1911 Nuevo Paraíso / in America Shot & killed /executed (player's choice) Javier Escuella
79%
Outlaw van der Linde gang, Pinkertons - American 1907 Mount Hagen Shot & killed Micah Bell III
78%
Industrialist Southern and Eastern Railway - American 1899 Annesburg Shot & killed Leviticus Cornwall
71%
Businessman Gray family Patriarch American 1899 Caliga Hall Suicide Tavish Gray
70%
Enforcer Cuban Military Colonel Cuban 1899 Guarma Shot & killed Alberto Fussar
69%
Outlaw Foreman Brothers Gang leader American Alive / 1899 Lemoyne Stabbed (Player's choice) Anthony Foreman
56%
Soldier U.S. Military Colonel American 1899 New Hanover Shot & killed Henry Favours
38%
Enforcer Cuban Military High- ranked American 1899 Guarma Shot & killed Levi Simon
38%
Officer Gray family Deputy American 1899 Rhodes Shot & killed Archibald MacGregor
34%
Soldier Mexican Army Captain Mexican 1911 Nuevo Paraíso Shot & killed ​Vincente de Santa
31%
Governor Mexican Army Colonel Mexican 1911 Nuevo Paraíso Shot & killed ​Agustin Allende
29%
Federal agent Bureau of Investigation Protegé American Alive - Uncertain ​Archer Fordham
20%
Outlaw Williamson gang second-in-command American 1911 Tumbleweed Shot & killed ​Norman Deek
13%
Soldier Mexican Army Captain Mexican 1911 Nuevo Paraíso Shot & killed Espinoza
12%
Detective Pinkerton National Detective Agency Low-ranked American Alive / 1899 Shady Belle Shot & killed (Player's choice) Mr. Johns
9%
Detective Pinkerton National Detective Agency Low-ranked American Alive / 1899 Shady Belle Shot & killed (Player's choice) Mr. Bunter
6%
Detective Pinkerton National Detective Agency Low-ranked American Alive / 1899 Shady Belle Shot & killed (Player's choice) Mr. Orly
6%
No matching quizzes found
Score Distribution
Percent of People with Each Score
Percentile by Number Answered
Your Score History
You have not taken this quiz